000 00923cam a2200241 4500
001 J2157
008 090401t1993 xxu||||| |||| 00| 0 eng d
035 _a(Sirsi) u47542
041 _aeng
110 _aEurope
_bEuropean Communities Commission
_9698
245 _aCommission Regulation (EEC) No. 2062/93 of 27 July 1993 laying down detailed rules for the financial monitoring of programmes approved under Council Regulation (EEC) No. 2078/92 on agricultural production methods compatible with the requirements of the protection of the environment and the maintenance of the countryside.
260 _c1993
300 _a1 sheet ; 30cm.
350 _a0
490 _aRegulation (EEC)
_v2062/93
650 _aAGRICULTURAL PRODUCTION METHODS
650 _aEC REGULATIONS
650 _aEUROPEAN COMMUNITY
650 _aFINANCIAL MONITORING
690 _aEUROPE-SINGLE MARKET
942 _n0
948 _c04/03/1997
999 _c92149
_d92149